Introduction to psychology / (Record no. 18073)
[ view plain ]
| 000 -LEADER | |
|---|---|
| fixed length control field | 00563nam a22002177a 4500 |
| 003 - CONTROL NUMBER IDENTIFIER | |
| control field | OSt |
| 005 - DATE AND TIME OF LATEST TRANSACTION | |
| control field | 20160601144212.0 |
| 008 - FIXED-LENGTH DATA ELEMENTS--GENERAL INFORMATION | |
| fixed length control field | 130208t xxu||||| |||| 00| 0 eng d |
| 020 ## - INTERNATIONAL STANDARD BOOK NUMBER | |
| International Standard Book Number | 9789810686338 |
| 050 ## - LIBRARY OF CONGRESS CALL NUMBER | |
| Classification number | BF 131 |
| Item number | .C615 2011 |
| 082 ## - DEWEY DECIMAL CLASSIFICATION NUMBER | |
| Classification number | PSY-FIL 150 |
| Item number | .In8 2011 |
| 245 ## - TITLE STATEMENT | |
| Title | Introduction to psychology / |
| 250 ## - EDITION STATEMENT | |
| Edition statement | 1st edition. |
| 260 ## - PUBLICATION, DISTRIBUTION, ETC. (IMPRINT) | |
| Name of publisher, distributor, etc | Pearson Custom Pub., |
| Date of publication, distribution, etc | 2011. |
| Place of publication, distribution, etc | Singapore : |
| 300 ## - PHYSICAL DESCRIPTION | |
| Extent | iii, 202 pages : |
| Dimensions | 22 cm. |
| Other physical details | illustration ; |
| 526 ## - STUDY PROGRAM INFORMATION NOTE | |
| Reading level | 1210L-1700L |
| 562 ## - COPY AND VERSION IDENTIFICATION NOTE | |
| Number of copies | 2 |
| 942 ## - ADDED ENTRY ELEMENTS (KOHA) | |
| Source of classification or shelving scheme | Library of Congress Classification |
| Koha item type | Books |
| Withdrawn status | Lost status | Source of classification or shelving scheme | Damaged status | Home library | Current library | Shelving location | Date acquired | Total Checkouts | Total Renewals | Full call number | Barcode | Date last seen | Date checked out | Copy number | Price effective from | Koha item type | Source of acquisition |
|---|---|---|---|---|---|---|---|---|---|---|---|---|---|---|---|---|---|
| Library of Congress Classification | College Library | College Library | Filipiniana Section | 02/08/2013 | 1 | 13 | BF 131 .C615 2011 | c12624 | 05/08/2018 | 06/07/2017 | 1 | 02/08/2013 | Books | ||||
| Library of Congress Classification | College Library | College Library | General Circulation Section | 05/21/2013 | 1 | BF 131 .C615 2011 | C12489 | 06/16/2023 | 02/28/2023 | 2 | 05/21/2013 | Books | Donation |